NBA nicknames - Statistics

General Stats
  • This quiz has been taken 48 times
  • The average score is 13 of 16
Answer Stats
Hint Answer % Correct
Black Mamba Kobe Bryant
100%
Air Jordan Michael Jordan
100%
Greek Freak Giannis Antetokounmpo
98%
The Beard James Harden
95%
Chef Stephen Curry
93%
Ice Trae Trae Young
93%
Slim Reaper Kevin Durant
91%
Dr. J Julius Erving
89%
The Answer Allen Iverson
86%
The Dream Hakeem Olajuwon
77%
The Glove Gary Payton
75%
The Process Joel Embiid
68%
The Iceman George Gervin
66%
Big Game James James Worthy
45%
The Anomaly / Big Deuce Jayson Tatum
45%
Spicy P Pascal Siakam
39%
No matching quizzes found
Score Distribution
Percent of People with Each Score
Percentile by Number Answered
Your Score History
You have not taken this quiz